[Event "Thessaloniki Aris op"]
[Site "Thessaloniki"]
[Date "2014.10.26"]
[Round "4.8"]
[White "Valaroutsos, Kiparissis"]
[Black "Komianos, Marios"]
[Result "1/2-1/2"]
[WhiteElo "1590"]
[BlackElo "1385"]
[PlyCount "77"]
[EventDate "2014.10.24"]
[EventType "swiss"]
[EventRounds "6"]
[EventCountry "GRE"]
[SourceTitle "EXT 2024"]
[Source "ChessBase"]
[SourceDate "2023.10.10"]
[SourceVersion "1"]
[SourceVersionDate "2023.10.10"]
[SourceQuality "1"]

1. e4 d5 2. exd5 Nf6 3. d4 Nxd5 4. Nf3 Bg4 5. c4 Nb6 6. Be2 Nc6 7. d5 Bxf3 8. Bxf3 Ne5 9. b3 e6 10. 0-0 Qf6 11. dxe6 Nxf3+ 12. Qxf3 Qxf3 13. gxf3 fxe6 14. Re1 0-0-0 15. Bg5 Re8 16. a3 Be7 17. Bxe7 Rxe7 18. Nc3 Rd8 19. Re3 Nd7 20. Nd5 Ree8 21. Rae1 c6 22. Nf4 e5 23. Nd3 Rf8 24. Kg2 Rf5 25. Nxe5 Rg5+ 26. Kf1 Nxe5 27. Rxe5 Rxe5 28. Rxe5 Rd7 29. Ke2 Kd8 30. h4 Re7 31. Rxe7 Kxe7 32. Ke3 Ke6 33. Ke4 h5 34. b4 Kf6 35. f4 g6 36. a4 b6 37. b5 c5 38. f3 Ke6 39. Kd3 1/2-1/2